| 000 | 00686nam a2200217Ia 4500 | ||
|---|---|---|---|
| 008 | 160517s9999 xx 000 0 und d | ||
| 050 | _aHF 5823 | ||
| 050 | _b.B144 2016 | ||
| 100 | _aBagaoisan, Andrebelle. | ||
| 245 | _aLas Piñas bamboo organ chrch, a center of religious and cultural heritage in the south of Metro Manila / | ||
| 245 | _cAndrebelle Bagaoisan, Justine Bugarin,Melanie Garlit, Arisa Suziku. | ||
| 260 | _aLas Piñas, Philippines : | ||
| 260 | _bSISC, | ||
| 260 | _c2016. | ||
| 300 | _a99 pages : | ||
| 300 | _billustrations ; | ||
| 300 | _c28 cm. | ||
| 500 | _aIncludes bibliographical references and appendices. | ||
| 521 | _aTourism | ||
| 942 | _cTH | ||
| 999 |
_c293905 _d293905 |
||